|
|
|
|
| LEADER |
00802cam a22002173 4500 |
| 001 |
c000403469 |
| 003 |
CARM |
| 005 |
20190409120321.0 |
| 008 |
190409s1986 xx 000 0 und d |
| 019 |
1 |
|
|a 69842082
|5 LACONCORD2021
|
| 035 |
|
|
|a (OCoLC)221649132
|5 LACONCORD2021
|
| 040 |
|
|
|a 2686
|b eng
|c 2686
|
| 042 |
|
|
|a anuc
|
| 245 |
0 |
0 |
|a Shire of Hastings Planning Scheme. Chapter Three, The conservation plan.
|
| 260 |
|
|
|a Hastings, Vic. :
|b Shire of Hastings,
|c 1986.
|
| 300 |
|
|
|a [136] p. ;
|c 30 cm.
|
| 650 |
|
0 |
|a Regional planning
|z Victoria
|z Hastings (Shire)
|
| 852 |
8 |
|
|b CARM
|i D06262
|p 0653957
|f BK
|
| 082 |
0 |
4 |
|a 711.4099452
|2 20
|
| 999 |
f |
f |
|i c5f45e1a-552a-5d25-81e5-73323e6775f1
|s 5c20fde7-2f06-5ab7-b433-43bd0a2181ff
|
| 952 |
f |
f |
|p Can circulate
|a CAVAL
|b CAVAL
|c CAVAL
|d CARM 1 Store
|e D06262
|h Other scheme
|i book
|m 0653957
|